Kompozitné materiály a ich využitie v civilnom letectve
Analyzovanie a zhodnotenie prínosu kompozitných materiálov a ich využitie v leteckom priemysle v porovnaní s klasickými materiálmi. Využitie kompozitných materiálov hlavne pre civilné lietadlá. História využitia kompozitných materiálov v letectve. Aplikácia kompozitov v leteckom priemysle. Rozvoj a...
Salvato in:
| Autore principale: | |
|---|---|
| Altri autori: | , , , |
| Natura: | Capitolo di libro |
| Lingua: | slovacco |
| Soggetti: | |
| Tags: |
Nessun Tag, puoi essere il primo ad aggiungerne!!
|
MARC
| LEADER | 00000naa a2200000 4500 | ||
|---|---|---|---|
| 001 | 0270286 | ||
| 005 | 20240502074232.1 | ||
| 041 | 0 | |a slo | |
| 044 | |a SK | ||
| 245 | 1 | 0 | |a Kompozitné materiály a ich využitie v civilnom letectve |c Naqibullah Daneshjo, Peter Korba, Lucia Iľaščíková, Matej Antoško, Pavol Kavka |
| 520 | |a Analyzovanie a zhodnotenie prínosu kompozitných materiálov a ich využitie v leteckom priemysle v porovnaní s klasickými materiálmi. Využitie kompozitných materiálov hlavne pre civilné lietadlá. História využitia kompozitných materiálov v letectve. Aplikácia kompozitov v leteckom priemysle. Rozvoj a integrácia kompozitných materiálov v technológiách leteckej dopravy. | ||
| 610 | 2 | 0 | |a materiál |
| 610 | 2 | 0 | |a materiály nové |
| 610 | 2 | 0 | |a doprava letecká |
| 610 | 2 | 0 | |a priemysel letecký |
| 610 | 2 | 0 | |a lietadlá |
| 610 | 2 | 0 | |a technológie nové |
| 100 | 1 | |a Daneshjo, Naqibullah, 1964- | |
| 700 | 1 | |a Korba, Peter | |
| 700 | 1 | |a Iľaščíková, Lucia | |
| 700 | 1 | |a Antoško, Matej | |
| 700 | 1 | |a Kavka, Pavol | |